00660nam a2200193Ia 4500008004100000020001800041082001400059100001700073245006900090250000700159260004800166300002700214500001900241600003300260650001600293942000700309952013300316999001700449240925s9999 xx 000 0 und d a9788184874907 a512.5 BUT aButt, Rizwan 3aAn Introduction to Applied Numerical Linear Algebra using MATLAB aNA aNew Delhi:bNarosa Publishing Housec,2015. axx, 703p.b0fOriginal aIncludes Index aHumanities & Natural Science aMathematics cBK 001040708HUMaUITUbUITUd2019-02-01eAllied Book Companyg1848.13l0o512.5 BUTpQ14379r2024-09-25 07:17:17w2024-09-25yBK c16878d16878